<The> Oxford handbook of health economics

Saved in:
Bibliographic Details
Other Authors: Glied, Sherry, Smith, Peter C.
Format: Book
Language:English
Published: New York Oxford University Press 2011
Subjects:
Tags: Add Tag
No Tags, Be the first to tag this record!

MARC

LEADER 00000nam a2200000 4500
001 0135273
005 20230109114733.9
020 |a 978-0-19-923882-8 
041 0 |a eng 
044 |a US 
245 1 0 |a <The> Oxford handbook of health economics  |c edited by: Sherry Glied and Peter C. Smith 
264 1 |a New York  |b Oxford University Press  |c 2011 
300 |a 967 s. 
610 2 0 |a zdravie 
610 2 0 |a zdravotníctvo 
610 2 0 |a starostlivosť zdravotná 
610 2 0 |a ochrana zdravia 
610 2 0 |a krajiny vyspelé 
610 2 0 |a krajiny rozvojové 
610 2 0 |a politika sociálna 
610 2 0 |a chorobnosť 
610 2 0 |a nemocnice 
610 2 0 |a poistenie zdravotné 
610 2 0 |a zdravotníctvo verejné 
610 2 0 |a financovanie 
610 2 0 |a priemysel farmaceutický 
610 2 0 |a politika zdravotná 
700 1 |a Glied, Sherry 
700 1 |a Smith, Peter C.